000 00666nam a2200277Ia 4500
005 20260324113725.0
008 008 260324s9999 xx 000 0 eng d
020 _a9781003215394
037 _aEBOOK
040 _aCRL
040 _beng
040 _cCRL
041 _2eng
041 _aeng
084 _qCRL
100 _aTommaso Priviero
_91147919
245 0 _aJung, Dante, and the Making of the Red Book: Of Fire and Form
260 _bTaylor and Francis
260 _c2023
365 _a
365 _b195
856 _uhttp://www.taylorfrancis.com/books/9781003215394
942 _cEBOOK
999 _c1737725
_d1737725